000
00237nam a2200097Ia 4500
008
170619s9999 xx 000 0 und d
100
_a
Parhi- Keshab
245
0
_a
VLSI Digital Signal Processing Systems
260
_b
Wiley-India
260
_c
2011
546
_a
ENGLISH
999
_c
20515
_d
20515